• 首页
  • 本馆介绍
  • 公告通知
  • 最新文献
  • 馆藏检索
  • 电子资源
  • 读者导购
  • 参考咨询
  • 我的图书馆
  • 登录
  • 详细信息显示
  • 放入我的书架
  • 预约/预借图书
  • 作者相关作品
  • 分类相关作品
  • 丛书相关作品
  • 出版社相关作品

书目信息

  • 表格格式
  • 工作单格式
  • 卡片格式
题名:
财经法规与会计职业道德
    
 
作者: 张洪军 主编
分册:  
出版信息: 北京   经济科学出版社  2008
页数: 360页
开本: 20cm
丛书名:
单 册:
中图分类: D922.2 , F233
科图分类:
主题词: 财政法--中国--会计--资格考核--自学参考资料 , 经济法--中国--会计--资格考核--自学参考资料 , 会计人员--职业道德--资格考核--自学参考资料 , 财政法 , 经济法 , 会计人员 , 职业道德
电子资源:
ISBN: 978-7-5058-7324-7
000 01059nam0 2200325 45
001 1050987812
005 20100415110008.35
010    @a978-7-5058-7324-7@dCNY14.00
100    @a20100409e2008 em y0chiy50 ea
101 0  @achi
102    @aCN@b110000
105    @ay z 000yy
106    @ar
200 1  @a财经法规与会计职业道德@ACai Jing Fa Gui Yu Kuai Ji Zhi Ye Dao De@f张洪军主编@FZhang Hong Jun Zhu Bian
210    @a北京@c经济科学出版社@d2008
215    @a360页@d20cm
300    @a山东省会计从业资格考试参考用书
330    @a本书内容包括:会计法律制度、支付结算法律制度、税收征收管理法制制度、会计职业道德四章。
606 0  @a财政法@y中国@x会计@x资格考核@j自学参考资料
606 0  @a经济法@y中国@x会计@x资格考核@j自学参考资料
606 0  @a会计人员@x职业道德@x资格考核@j自学参考资料
606 0  @a财政法
606 0  @a经济法
606 0  @a会计人员
606 0  @a职业道德
690    @aD922.2@v4
690    @aF233@v4
701  0 @a张洪军@AZhang Hong Jun@4主编
801  0 @aCN@bTANGWEI@c20100415
905    @b0592394-98@dD922.2@e896@f5
    
    财经法规与会计职业道德/张洪军主编.-北京:经济科学出版社,2008
    360页;20cm
    山东省会计从业资格考试参考用书
    
    ISBN 978-7-5058-7324-7:CNY14.00
    本书内容包括:会计法律制度、支付结算法律制度、税收征收管理法制制度、会计职业道德四章。
●
相关链接 在E读中查询图书 在五车中查询图书 在当当中查询图书 在豆瓣中查询图书


正题名:财经法规与会计职业道德     索取号:D922.2/896         预约/预借

序号 登录号 条形码 馆藏地/架位号 状态 备注
1 0592394   205923946   第一样本阅览室/ [索取号:D922.2/896] 在馆    
2 0592395   205923955   第一借阅区/ [索取号:D922.2/896] 在馆    
3 0592396   205923964   第一借阅区/ [索取号:D922.2/896] 在馆    
4 0592397   205923973   第一借阅区/ [索取号:D922.2/896] 在馆    
5 0592398   205923982   第一借阅区/ [索取号:D922.2/896] 在馆    
唐山师范学院图书馆 欢迎您!
大连网信软件有限公司© 版权所有